[Event "34th Oberwart Open A"]
[Site "Oberwart AUT"]
[Date "2012.07.11"]
[Round "5.36"]
[White "Kersten,Julian"]
[Black "Koller,Hans-Juergen"]
[Result "0-1"]
[WhiteElo "1935"]
[BlackElo "2078"]

1.e4 c5 2.Nf3 e6 3.d4 cxd4 4.Nxd4 Nc6 5.Nc3 Qc7 6.Ndb5 Qb8 7.Be3 a6 8.Bb6 axb5
9.Nxb5 Bb4+ 10.c3 Ba5 11.Nc7+ Kf8 12.Bc5+ Nge7 13.Nxa8 Qxa8 14.b4 Bc7 15.b5 Qa5
16.Qb3 Be5 17.Rc1 Nd8 18.Bb4 Qa8 19.a4 b6 20.Bd3 Nb7 21.O-O Bd6 22.Bxd6 Nxd6
23.e5 Ne4 24.Bxe4 Qxe4 25.Rfe1 Qg4 26.f3 Qg5 27.Qc4 f6 28.Qc7 Kf7 29.Qxb6 Nd5
30.Qd4 Bb7 31.Rc2 Ra8 32.Ra2 fxe5 33.Rxe5 Qc1+ 34.Kf2 Rc8 35.Qa7 Qxc3 36.Ree2 Qc5+
37.Qxc5 Rxc5 38.Reb2 Nc3 39.Ra1 d5 40.b6 Ra5 41.Rc2 d4 42.Ra3 Kf6 43.Ke1 Re5+
44.Kf2 Ra5 45.Ke1 Ke5 46.Rc1 g5 47.Kd2 Kd5 48.Rcxc3 dxc3+ 49.Rxc3 Rxa4 50.Rc7 Bc6
51.Rxh7 Rb4 52.Rh5 Rb2+ 53.Ke3 Rxg2 54.h4 Kd6 55.Rxg5 Rh2 56.Rg4 Rh3 57.Rf4 Bd5
58.Ke2 Rh2+ 59.Ke3 Ke5 60.Rb4 Bb7 61.Rb5+ Kd6 62.Rh5 Ra2 63.Rf5 Rb2 64.Rf8 Rxb6
65.Kf4 Rb4+ 66.Kg3 Ke7 67.Rh8 Rb3 68.Rh7+ Kf6 69.Rh6+ Kf7 70.Rh7+ Kg6 71.Re7 Kf6
72.Rh7 Rxf3+ 73.Kg4 Rb3 74.h5 Bf3+ 75.Kf4 e5+  0-1

[Event "87th ch-Paris IdF Open"]
[Site "Paris FRA"]
[Date "2012.07.11"]
[Round "5.1"]
[White "Fedorchuk,S"]
[Black "Roser,K"]
[Result "1-0"]
[WhiteElo "2630"]
[BlackElo "2423"]

1.e4 c5 2.Nf3 e6 3.d4 cxd4 4.Nxd4 Nc6 5.Nc3 a6 6.Be2 d6 7.O-O Nf6 8.Kh1 Be7
9.f4 Bd7 10.Be3 O-O 11.Qe1 b5 12.a3 Qb8 13.Rd1 Nxd4 14.Bxd4 e5 15.fxe5 dxe5
16.Be3 Bc6 17.Nd5 Bxd5 18.exd5 Rd8 19.Bf3 e4 20.Bxe4 Qe5 21.Bf3 Bd6 22.Bg1 Qg5
23.Qe3 Qxe3 24.Bxe3 Nd7 25.Bd4 Ne5 26.Be2 Re8 27.Rd2 Re7 28.g3 Nd7 29.c4 bxc4
30.Bxc4 a5 31.Bb5 Ne5 32.Rc2 f6 33.Rfc1 Kf7 34.Kg2 Ng4 35.Rc8 Rxc8 36.Rxc8 Re4
37.Bb6 Re5 38.Rd8 Be7 39.Rd7 Kg6 40.Rxe7 Rxe7 41.d6 Re5 42.Bd3+ f5 43.d7  1-0

[Event "FSFMB July 2012"]
[Site "Budapest HUN"]
[Date "2012.07.12"]
[Round "6.4"]
[White "Sandor,Laszlo"]
[Black "Bakos,Viktor"]
[Result "0-1"]
[WhiteElo "1490"]
[BlackElo "1435"]

1.e4 c5 2.Nf3 e6 3.d4 cxd4 4.Nxd4 Nc6 5.Nc3 a6 6.Be3 Bb4 7.Qd2 Nf6 8.f3 d5
9.Nxc6 bxc6 10.a3 Ba5 11.b4 Bb6 12.exd5 cxd5 13.Rd1 Bd7 14.Bxb6 Qxb6 15.Qd4 Qxd4
16.Rxd4 O-O 17.Rd2 Rfc8 18.Nd1 Bb5 19.Ne3 Rc3 20.Bd3 Rxa3 21.O-O Bxd3 22.Rxd3 Rxd3
23.cxd3 Rb8 24.Rb1 Kf8 25.Kf2 Ke7 26.d4 Kd6 27.Ke2 Nd7 28.Kd3 Rb5 29.Kc3 a5
30.Rb2 axb4+ 31.Rxb4 Rxb4 32.Kxb4 f5 33.f4 Nf6 34.Kc3 h6 35.g3 g5 36.h4 g4
37.Nf1 Kc6 38.Kb2 Kb5 39.Kb3 Ne4 40.Kc2 Kc4 41.Kd1 Kxd4 42.Kc2 e5 43.fxe5 Kxe5
44.Kd3 f4 45.gxf4+ Kxf4 46.Ke2 Ng3+ 47.Kf2 Nxf1 48.Kxf1 g3 49.Kg2 Kg4 50.h5 d4  0-1

[Event "112th ch-SUI 2012"]
[Site "Flims SUI"]
[Date "2012.07.12"]
[Round "1.4"]
[White "Kurmann,O"]
[Black "Korchnoi,V"]
[Result "1-0"]
[WhiteElo "2460"]
[BlackElo "2558"]

1.e4 c5 2.Nf3 e6 3.d4 cxd4 4.Nxd4 Nc6 5.Nc3 d6 6.g4 h6 7.Be3 Nf6 8.h3 d5
9.Bb5 Bd7 10.exd5 Nxd5 11.Nxd5 exd5 12.Qe2 Be7 13.O-O-O O-O 14.Nf5 Bxf5 15.gxf5 Bg5
16.Rhg1 Bxe3+ 17.Qxe3 Qf6 18.Bxc6 bxc6 19.Qd4 Kh7 20.Qxf6 gxf6 21.c4 dxc4
22.Rd6 Rae8 23.Rxf6 c5 24.Rg4 Re2 25.Rh4 Rxf2 26.Rfxh6+ Kg7 27.f6+ Rxf6 28.Rh7+ Kg6
29.R7h6+ Kg7 30.Rxf6 Kxf6 31.Rxc4 Rh8 32.h4 Ke6 33.Kd2 Kd5 34.b3 Rg8 35.Ke3 Rg2
36.Ra4 Rh2 37.Kf3 f5 38.Kg3 Rh1 39.Kg2 Rd1 40.h5 Ke5 41.Rh4 Rd7 42.h6 Rh7
43.Kf3 a5 44.a4 Kf6 45.Kf4 Rb7 46.h7  1-0

[Event "Turkish Bank Chess League 2012"]
[Site "Konya TUR"]
[Date "2012.07.12"]
[Round "2"]
[White "Kerigan,D"]
[Black "Yilmaz,M"]
[Result "0-1"]
[WhiteElo "2205"]
[BlackElo "2543"]

1.e4 c5 2.Nf3 e6 3.d4 cxd4 4.Nxd4 Nc6 5.Nc3 Qc7 6.Be3 a6 7.f4 b5 8.Qf3 Bb7
9.Bd3 Nf6 10.Nde2 d5 11.O-O b4 12.exd5 bxc3 13.dxc6 Bxc6 14.Qh3 cxb2 15.Rab1 Rb8
16.Bd4 Bd5 17.Bxb2 Bxa2 18.Be5 Rxb1 19.Bxc7 Bc5+ 20.Nd4 Bxd4+ 21.Kh1 Ne4
22.Qf3 Nf2+ 23.Kg1 Nxd3+ 24.Kh1 Nf2+ 25.Kg1 Nd1+ 26.Kh1 Bd5 27.Qe2 Nf2+ 28.Kg1 Nh3+
29.Kh1 Rxf1+ 30.Qxf1 O-O 31.Qb1 Bc5 32.c4 Nf2+ 33.Kg1 Nd3+  0-1

[Event "6th LCT GpA 2012"]
[Site "Leiden NED"]
[Date "2012.07.12"]
[Round "6.25"]
[White "Sanders,I"]
[Black "Noordkamp,W"]
[Result "1-0"]
[WhiteElo "2100"]
[BlackElo "2032"]

1.e4 c5 2.Nf3 e6 3.d4 cxd4 4.Nxd4 Nc6 5.Nc3 a6 6.Be3 Qc7 7.Qd2 Nf6 8.f4 d6
9.Bd3 Be7 10.O-O-O Nxd4 11.Bxd4 b5 12.e5 Nd7 13.exd6 Bxd6 14.Rhf1 O-O 15.Be4 Rb8
16.Bxg7 Kxg7 17.Qxd6 Qc4 18.f5 e5 19.Qe7 b4 20.Rf3 Bb7 21.Rxd7 Bxe4 22.Rg3+ Kh8
23.Qf6+  1-0

[Event "6th LCT GpA 2012"]
[Site "Leiden NED"]
[Date "2012.07.12"]
[Round "6.13"]
[White "Von Meijenfeldt,Bart"]
[Black "Butkiewicz,L"]
[Result "1-0"]
[WhiteElo "2123"]
[BlackElo "2402"]

1.e4 c5 2.Nf3 e6 3.d4 cxd4 4.Nxd4 Nc6 5.Nc3 Qc7 6.Be3 a6 7.Qd2 Nf6 8.f4 Bb4
9.Bd3 d5 10.e5 Nd7 11.a3 Be7 12.O-O Nc5 13.Qf2 Nxd3 14.cxd3 O-O 15.Rac1 Bd7
16.Na4 f6 17.Nf3 Rae8 18.Bb6 Qb8 19.Nc5 Bc8 20.Nxa6 bxa6 21.Rxc6 Bd7 22.Rc3 Bb5
23.Bc5 Qd8 24.Qe3 fxe5 25.Nxe5 Bf6 26.Bd4 Re7 27.Rfc1 Rb7 28.Nf3 Bd7 29.R3c2 Be7
30.Bc5 Bxc5 31.Rxc5 Rxb2 32.Rc7 Rb8 33.Ne5 Bb5 34.Ng4 Qe8 35.Qa7 Qg6 36.Ne5 Qf6
37.Ng4 Qb2 38.Ne5 Bd7 39.Nxd7 Rfe8 40.Ne5  1-0

[Event "87th ch-Paris IdF Open"]
[Site "Paris FRA"]
[Date "2012.07.12"]
[Round "6.5"]
[White "Roser,K"]
[Black "Renet,O"]
[Result "1/2-1/2"]
[WhiteElo "2423"]
[BlackElo "2472"]

1.e4 c5 2.Nf3 e6 3.d4 cxd4 4.Nxd4 Nc6 5.Nc3 a6 6.Be2 d6 7.O-O Nf6 8.Be3 Be7
9.f4 O-O 10.a4 Qc7 11.Kh1 Re8 12.Bf3 Bf8 13.Qd2 Rb8 14.Qf2 Nd7 15.Rad1 Nb4
16.Qg3 g6 17.Bg4 Nf6 18.Bf3 Bg7 19.Qf2 b6 20.Nb3 d5 21.e5 Nd7 22.Nd4 Nc5
23.g4 Bb7 24.Qg2 Rbd8 25.g5 Rd7 26.Rd2 Red8 27.Rfd1 Bf8 28.h4 Nc6 29.Nde2 Ne7
30.b4 Nf5 31.Bf2 Ne4 32.Bxe4 dxe4 33.Bxb6 e3 34.Bxc7 Bxg2+ 35.Kxg2 exd2 36.Bxd8 Rxd8
37.Kf2 Bxb4 38.Ne4 Ba5 39.N2c3 Rc8 40.Nb1 Rxc2 41.Nbxd2 Ra2 42.Ke2 h5 43.Rb1 Bxd2
44.Nf6+ Kg7 45.Rb8 Ba5+ 46.Kf3 Nxh4+ 47.Ke3 Nf5+ 48.Kf3 Ra3+ 49.Kf2 Ra2+
50.Kf3 Ra3+  1/2-1/2

[Event "6th Varna Open"]
[Site "Varna BUL"]
[Date "2012.07.12"]
[Round "2.7"]
[White "Talmaci,A"]
[Black "Nikolov,Sas"]
[Result "0-1"]
[WhiteElo "1998"]
[BlackElo "2386"]

1.e4 c5 2.Nf3 e6 3.d4 cxd4 4.Nxd4 Nc6 5.Nc3 Qc7 6.Be3 a6 7.Be2 Nf6 8.a4 Bb4
9.Bd3 Nxd4 10.Bxd4 e5 11.Be3 d5 12.Bd2 Bxc3 13.Bxc3 dxe4 14.Be2 O-O 15.O-O Be6
16.Qc1 Nd5 17.Bd2 Rac8 18.c3 Nf4 19.Re1 Nxe2+ 20.Rxe2 f5 21.Re3 Qf7 22.Qe1 Bd5
23.Rh3 f4 24.Qe2 Rcd8 25.Be1 Be6 26.Rh4 Qf6 27.g3 g5 28.Rh5 Qg6 29.g4 f3
30.Qe3 Rf4 31.Rh3 Rxg4+ 32.Rg3 Rxg3+ 33.fxg3 Rd3 34.Qf2 Bh3 35.b4 Qf7 36.Bd2 Qd5  0-1

[Event "Int Open ch-SVK 2012"]
[Site "Banska Stiavnica SVK"]
[Date "2012.07.13"]
[Round "7.16"]
[White "Skara,V"]
[Black "Plachetka,J"]
[Result "1-0"]
[WhiteElo "2216"]
[BlackElo "2371"]

1.e4 c5 2.Nf3 e6 3.d4 cxd4 4.Nxd4 Nc6 5.Nc3 Nf6 6.Nxc6 bxc6 7.e5 Nd5 8.Ne4 Qc7
9.f4 Qb6 10.c4 Bb4+ 11.Ke2 Ba6 12.Kf3 f5 13.Nf2 Nc7 14.Be3 Bc5 15.Bxc5 Qxc5
16.Qd6 Qb6 17.Rd1 O-O-O 18.c5 Qa5 19.Bxa6+ Qxa6 20.Nd3 Nb5 21.Nb4 Nxd6 22.Nxa6 Ne4
23.Rd4 Kb7 24.Ra4 Ra8 25.Rd1 Kc8 26.Rd3 g5 27.Rad4 Rd8 28.g3 h5 29.Ke3 h4
30.Ke2 hxg3 31.hxg3 g4 32.Kf1 Kb7 33.Rb4+ Kc8 34.Kg2 Rh8 35.Rbd4 Rh3 36.b4 Kb7
37.b5 cxb5 38.Rxd7+  1-0

[Event "ch-SWE 2012"]
[Site "Falun SWE"]
[Date "2012.07.13"]
[Round "7.2"]
[White "Grandelius,N"]
[Black "Cramling,P"]
[Result "1-0"]
[WhiteElo "2570"]
[BlackElo "2486"]

1.e4 c5 2.Nf3 e6 3.d4 cxd4 4.Nxd4 Nc6 5.Nc3 Qc7 6.Be3 Nf6 7.f4 Bb4 8.Nb5 Qa5
9.e5 Nd5 10.Bd2 Nxc3 11.Nxc3 d5 12.Bd3 Qb6 13.Qh5 Bd7 14.O-O-O Bxc3 15.Bxc3 Nb4
16.Kb1 Nxd3 17.Rxd3 Rc8 18.Qg5 g6 19.Rhd1 Rc4 20.Be1 h6 21.Qf6 Rg8 22.Bh4 g5
23.fxg5 Rxh4 24.g6 Rxg6 25.Qxh4 Qc7 26.Qf4 Rxg2 27.Rc3 Bc6 28.Rg3  1-0

[Event "St. Pauli Open 2012"]
[Site "Hamburg GER"]
[Date "2012.07.13"]
[Round "7.1"]
[White "Huschenbeth,N"]
[Black "Krause,Benedict"]
[Result "1-0"]
[WhiteElo "2521"]
[BlackElo "1985"]

1.e4 c5 2.Nf3 e6 3.d4 cxd4 4.Nxd4 Nc6 5.Nc3 Qc7 6.Be3 a6 7.Bd3 Nf6 8.O-O Nxd4
9.Bxd4 Bc5 10.Be2 d6 11.Bxf6 gxf6 12.Qd2 Bd7 13.Rad1 Ke7 14.e5 Rag8 15.exf6+ Kxf6
16.Ne4+ Ke7 17.b4 Ba7 18.Nxd6 Bc6 19.g3 h5 20.Qf4 Kf8 21.c4 h4 22.c5 Bd5
23.Bf3 hxg3 24.fxg3 Bxf3 25.Rxf3 Rg7 26.Nf5 Bxc5+ 27.bxc5 Qxc5+ 28.Qd4  1-0

[Event "III Maravilhosa Open 2012"]
[Site "Laranjeiras BRA"]
[Date "2012.07.13"]
[Round "2.1"]
[White "Zallio,L"]
[Black "Barbosa,Ev"]
[Result "1/2-1/2"]
[WhiteElo "2138"]
[BlackElo "2435"]

1.e4 c5 2.Nf3 e6 3.d4 cxd4 4.Nxd4 Nc6 5.Nc3 Qc7 6.Be3 a6 7.Qd2 Nf6 8.O-O-O Nxd4
9.Qxd4 Ng4 10.Qb6 Qc6 11.f3 Nxe3 12.Qxe3 Bc5 13.Qg5 O-O 14.e5 Qb6 15.Qh4 Bf2
16.g3 Qe3+ 17.Kb1 Qxe5 18.Ne4 Bb6 19.Bd3 f5 20.f4 Qc7 21.Ng5 h6 22.Qh5 Qd8
23.Nf3 d6 24.Rhe1 Qf6 25.Bc4 Bc5 26.h3 Qf7 27.Qxf7+ Kxf7 28.Nd4 d5 29.Bb3 Bxd4
30.Rxd4 Ra7 31.c4 dxc4 32.Rxc4 Ra8  1/2-1/2

[Event "87th ch-Paris IdF Open"]
[Site "Paris FRA"]
[Date "2012.07.13"]
[Round "7.7"]
[White "D'Costa,L"]
[Black "Rindlisbacher,L"]
[Result "0-1"]
[WhiteElo "2434"]
[BlackElo "2266"]

1.e4 c5 2.Nf3 e6 3.d4 cxd4 4.Nxd4 Nc6 5.Nc3 d6 6.g4 Nge7 7.Be3 a6 8.Nb3 b5
9.Qd2 Bb7 10.f4 Na5 11.Nxa5 Qxa5 12.Bg2 Rc8 13.O-O h5 14.g5 b4 15.Ne2 d5
16.f5 dxe4 17.fxe6 fxe6 18.Nf4 Nd5 19.Nxe6 Nxe3 20.Qxe3 Qe5 21.Nxf8 Rxf8
22.Rxf8+ Kxf8 23.Rf1+ Ke7 24.g6 Bd5 25.Qa7+ Rc7 26.Qb8 Qd4+ 27.Kh1 Rc6 28.Rf8 Qd1+
29.Rf1 Qd4 30.c3 bxc3 31.bxc3 Rxc3 32.Qf8+ Kd7 33.Qf5+ Kc6 34.Qc8+ Kb6 35.Rb1+ Ka5
36.Qd8+ Ka4 37.a3 Qc5 38.Qg5 Kxa3 39.h4 Bc6 40.Qd2 Rc2 41.Qe1 Qc3 42.Qf1 a5
43.Ra1+ Kb3 44.Qf7+ Qc4 45.Bf1 Qxf7 46.gxf7 Rf2 47.Kg1 Rxf7 48.Rxa5 g6 49.Bg2 Re7
50.Kf1 Kb4 51.Rg5 Bb5+ 52.Ke1 e3 53.Rg3 Bd3 54.Bf1 Bf5 55.Bg2 Kc3 56.Bh3 Bxh3
57.Rxh3 Kd3  0-1

[Event "2nd Polugaevsky Mem"]
[Site "Samara RUS"]
[Date "2012.07.13"]
[Round "9.27"]
[White "Yandarbiev,R"]
[Black "Afanasiev,D2"]
[Result "0-1"]
[WhiteElo "2375"]
[BlackElo "2068"]

1.e4 c5 2.Nf3 e6 3.d4 cxd4 4.Nxd4 Nc6 5.Nc3 Qc7 6.f4 a6 7.Be3 b5 8.Nb3 Bb7
9.Bd3 d6 10.O-O Nf6 11.Qf3 Nb4 12.Qh3 Be7 13.Rae1 Nxd3 14.cxd3 O-O 15.g4 b4
16.Nd1 Qc2 17.Nf2 Qxb2 18.Na5 Bc8 19.Nc4 Qxa2 20.Ra1 Qc2 21.Rfc1 Qe2 22.Re1 Qc2
23.Qf1 Nd7 24.Rec1 Qb3 25.Bd4 e5 26.Rcb1 Qxb1 27.Qxb1 exd4 28.Qxb4 Rb8 29.Qa3 Nc5
30.Na5 Bd7 31.Kg2 Rb5 32.Kf3 Rfb8 33.g5 Bf8 34.Qc1 Rb2 35.Qd1 R8b5 36.h4 g6
37.Ng4 Bxg4+ 38.Kxg4 Rg2+ 39.Kf3 Rbb2 40.Qf1 Nxd3 41.Qxg2 Rxg2 42.Kxg2 Nxf4+
43.Kf3 Nd3 44.Nb3 Ne5+ 45.Kg3 d3 46.Rxa6 h6 47.Ra7 hxg5 48.hxg5 Bg7 49.Ra8+ Kh7
50.Ra7 Kg8 51.Ra8+ Kh7 52.Rd8 Nc6 53.Rd7 Be5+ 54.Kf3 Kg7 55.Ke3 Bg3 56.Nd2 Ne5
57.Rb7 Bh2 58.Rb1 Bg3 59.Rh1 f6 60.gxf6+ Kxf6 61.Rg1 Bh4 62.Rf1+ Ke6 63.Nf3 Nxf3
64.Kxf3 Bf6 65.Ke3 Be5 66.Kxd3  0-1

[Event "Int Open ch-SVK 2012"]
[Site "Banska Stiavnica SVK"]
[Date "2012.07.14"]
[Round "8.13"]
[White "Jurcik,Mart"]
[Black "Kochetkova,J"]
[Result "0-1"]
[WhiteElo "2389"]
[BlackElo "2299"]

1.e4 c5 2.Nf3 e6 3.d4 cxd4 4.Nxd4 Nc6 5.Nc3 Qc7 6.Be2 a6 7.Be3 Nf6 8.a3 b5
9.Nxc6 dxc6 10.f4 Bb7 11.O-O c5 12.e5 Rd8 13.Qe1 Nd5 14.Nxd5 Bxd5 15.a4 c4
16.axb5 Bc5 17.Bxc5 Qxc5+ 18.Qf2 Qxf2+ 19.Kxf2 axb5 20.Rfd1 O-O 21.Ra5 Bc6
22.Rd6 Rc8 23.Bf3 Bxf3 24.Kxf3 Rb8 25.Rd7 Rb6 26.Ke3 h6 27.Kd4 Rbb8 28.Kc5 c3
29.b3 b4 30.Rb5 Ra8 31.Kxb4 Ra2 32.Kxc3 Rc8+ 33.Kb4 Raxc2 34.Rbb7 Rf8 35.f5 Rxg2
36.fxe6 fxe6 37.Re7 Rf5 38.Rxe6 Rxh2 39.Re8+ Kh7 40.e6 Rh4+ 41.Ka3 Ra5+ 42.Kb2 Re5
43.Kc3 Rg4 44.b4 Re3+ 45.Kd2 Ra3  0-1

[Event "ch-MNE 2012"]
[Site "Cetinje MNE"]
[Date "2012.07.14"]
[Round "7.1"]
[White "Ivanovic,B"]
[Black "Kisic,B"]
[Result "1-0"]
[WhiteElo "2420"]
[BlackElo "2054"]

1.e4 c5 2.Nf3 e6 3.d4 cxd4 4.Nxd4 Nc6 5.Nc3 Qc7 6.Be2 a6 7.O-O Nf6 8.Bg5 Be7
9.Qd2 h5 10.Nxc6 bxc6 11.Bf4 e5 12.Bg5 d6 13.Bc4 Bb7 14.Rad1 Rd8 15.Qe2 a5
16.Rfe1 Ng4 17.Bxe7 Qxe7 18.h3 Nf6 19.Qe3 Rh6 20.f4 h4 21.fxe5 Qxe5 22.Qf2 Kf8
23.Rd3 Rg6 24.Qa7 Qg5 25.Qf2 Qe5 26.Qb6 Rd7 27.Qf2 Rd8 28.Re2 Rd7 29.Rf3 Re7
30.Rf5 Qg3 31.Qxg3 Rxg3 32.Rxa5 Nd7 33.Rd2 Ne5 34.Be2 f5 35.Rxd6 f4 36.Kf2 Kf7
37.Rd8 g5 38.Rb8 c5 39.Rxc5 g4 40.Rxe5 f3 41.Rxe7+ Kxe7 42.Rxb7+  1-0

[Event "35th Taminco Open"]
[Site "Ghent BEL"]
[Date "2012.07.14"]
[Round "2.1"]
[White "Van Melkebeke,W"]
[Black "Solodovnichenko,Y"]
[Result "0-1"]
[WhiteElo "1940"]
[BlackElo "2598"]

1.e4 c5 2.Nf3 e6 3.d4 cxd4 4.Nxd4 Nc6 5.Nc3 d6 6.Be3 Nf6 7.f3 Be7 8.Qd2 O-O
9.g4 a6 10.O-O-O Nd7 11.Bd3 Nde5 12.Qg2 Bg5 13.f4 Bxf4 14.Bxf4 Nxd4 15.Bxa6 Ng6
16.Be3 Nxc2 17.Qxc2 Rxa6 18.h4 Ne5 19.Qe2 Qa5 20.Rd4 Bd7 21.Rhd1 b5 22.Rxd6 Rxd6
23.Rxd6 b4 24.Bb6 Qa8 25.Bd4 bxc3 26.Bxe5 cxb2+ 27.Kxb2 Qa5 28.Bd4 Qb4+  0-1

[Event "119th ch-SCO 2012"]
[Site "Glasgow SCO"]
[Date "2012.07.14"]
[Round "8.6"]
[White "Sengupta,D"]
[Black "Aagaard,J"]
[Result "0-1"]
[WhiteElo "2548"]
[BlackElo "2506"]

1.e4 c5 2.Nf3 e6 3.d4 cxd4 4.Nxd4 Nc6 5.Nc3 Qc7 6.Be3 a6 7.Qd2 Nf6 8.O-O-O Be7
9.f3 O-O 10.g4 b5 11.g5 Nh5 12.Nce2 Rd8 13.Bh3 Ne5 14.Bg4 Nc4 15.Qd3 Nxe3
16.Qxe3 Nf4 17.Qxf4 Qxf4+ 18.Nxf4 Bxg5 19.Ne2 e5 20.Rd5 Bxf4+ 21.Nxf4 exf4
22.Rhd1 Ra7 23.Rc5 Kf8 24.Rd4 Ra8 25.c3 Rb8 26.Rd6 Ke7 27.Rcd5 h5 28.Bxh5 Rh8
29.Bg4 Rxh2 30.Rd4 a5 31.R6d5 d6 32.Bxc8 Rxc8 33.Rxb5 Rf2 34.e5 dxe5 35.Rxe5+ Kf6
36.Rxa5 Rxf3 37.Rd6+ Ke7 38.Rb6 Rc7 39.Re5+ Kd8 40.Rb8+ Kd7 41.Rb4 f6 42.Rd4+ Kc8
43.Re8+ Kb7 44.a4 g5 45.Rb4+ Ka7 46.Rbb8 Rf1+ 47.Kc2 Rf2+ 48.Kb1 g4 49.a5 g3
50.Ra8+ Kb7 51.Rab8+ Kc6 52.Rb6+ Kc5 53.Rxf6 g2 54.Re5+ Kc4 55.Rg5 Rb7 56.Kc1 Kb3
57.Rfg6 Rf1+ 58.Kd2 Rd7+ 59.Ke2 f3+ 60.Ke3 Re7+ 61.Kd4 Rd1+ 62.Kc5 f2  0-1

[Event "6th LCT GpA 2012"]
[Site "Leiden NED"]
[Date "2012.07.14"]
[Round "8.6"]
[White "Bok,B"]
[Black "Zakhartsov,Vi"]
[Result "1-0"]
[WhiteElo "2512"]
[BlackElo "2547"]

1.e4 c5 2.Nf3 e6 3.d4 cxd4 4.Nxd4 Nc6 5.Nc3 Qc7 6.Be3 a6 7.Qd2 Nf6 8.O-O-O Bb4
9.f3 O-O 10.g4 b5 11.g5 Ne8 12.Nxc6 dxc6 13.Qf2 e5 14.Bc5 Bxc5 15.Qxc5 f6
16.Nd5 cxd5 17.Qxd5+ Kh8 18.Qxa8 fxg5 19.Qd5 g4 20.Qd8 gxf3 21.Qxc7 Nxc7
22.Rg1 h6 23.Rg3 g5 24.h3 Ne6 25.Rd3 g4 26.Rxg4 Nc5 27.Rd5 Bxg4 28.Rxc5 Be6
29.Kd2 f2 30.b3 Bxh3 31.Bxh3 f1=Q 32.Bxf1 Rxf1 33.Rxe5 Kg7 34.Re7+ Kf6 35.Ra7 h5
36.Rxa6+ Kg5 37.Ra8 Rf7 38.Ke3 Rg7 39.a4 bxa4 40.Rxa4 h4 41.Ra1 Rc7 42.c4 Rb7
43.Rb1 h3 44.b4 h2 45.b5 Kg4 46.Kd4 Kf3 47.e5 Rd7+ 48.Kc5 Rd2 49.b6 Rb2 50.Rh1 Kf4
51.e6  1-0

[Event "16th Battle of Senta Open A"]
[Site "Senta SRB"]
[Date "2012.07.14"]
[Round "1.16"]
[White "Kaszas,V"]
[Black "Pezelj,N"]
[Result "0-1"]
[WhiteElo "2011"]
[BlackElo "2327"]

1.e4 c5 2.Nf3 e6 3.d4 cxd4 4.Nxd4 Nc6 5.Nc3 Qc7 6.Be3 Nf6 7.Bd3 a6 8.O-O Ne5
9.h3 Nc4 10.Bxc4 Qxc4 11.f4 b5 12.e5 Nd5 13.Nxd5 Qxd5 14.Qg4 Bb7 15.Rad1 Bc5
16.Kh2 Bxd4 17.Bxd4 Qxa2 18.Bb6 O-O 19.Rd3 Be4 20.Rxd7 Qxb2 21.Re1 Qxc2 22.Rc7 Qa4
23.Rec1 Qa2 24.R1c3 b4 25.Rg3 Bg6 26.h4 h5 27.Qg5 Qb1 28.Qe7 a5 29.Rg5 Qe4
30.f5 Rae8 31.Qd7 Qxh4+  0-1

[Event "ch-MNE 2012"]
[Site "Cetinje MNE"]
[Date "2012.07.15"]
[Round "8.6"]
[White "Ivanovic,B"]
[Black "Kontic,D"]
[Result "1/2-1/2"]
[WhiteElo "2420"]
[BlackElo "2326"]

1.e4 c5 2.Nf3 e6 3.d4 cxd4 4.Nxd4 Nc6 5.Nc3 a6 6.Be2 Qc7 7.O-O Nf6 8.Kh1 Nxd4
9.Qxd4 Bc5 10.Qd3 h5 11.Bg5 Ng4 12.f4 f6 13.Bh4 b6 14.e5 f5 15.Bf3 Bb7 16.Rae1 Bc6
17.Bxc6 Qxc6 18.Re2 b5 19.Nd1 Rc8 20.h3 Bb6 21.c3 Qb7 22.Rd2 Rc4 23.b3 Rc6
24.Rf3 g6 25.Qe2 Rc7 26.Rfd3 Rh7 27.Qf3 Qe4 28.Rd6 Bc5 29.Rxa6 g5 30.fxg5 Qxf3
31.gxf3 Nxe5 32.f4 Ng6 33.Bg3 h4 34.Bh2 b4 35.c4 d6 36.Nb2 Ra7 37.Rxa7 Rxa7
38.Nd3 Re7 39.Kg2 Kf7 40.Nxc5 dxc5 41.Kf3 Ra7 42.Bg1 Ra5 43.Rd7+ Kg8 44.Rd2 Kf7
45.Be3 Ke7 46.Ke2 Kf7 47.Kd1 Ke7 48.Kc1 e5 49.fxe5 f4 50.Bf2 Ke6 51.Kb1 Nxe5
52.Bxh4 Nf3 53.Re2+ Kf5 54.Bf2 Nxg5 55.Rd2 Ne4 56.Rd5+ Ke6 57.Be1 f3 58.h4 f2
59.Bxf2 Nc3+ 60.Kc1 Nxd5 61.cxd5+ Kxd5 62.Kb2 Ra8 63.Be3 Re8 64.Bg5 Re2+
65.Kb1 Rf2 66.Bh6 Kd4 67.Bg7+ Kd3 68.h5 Rh2 69.h6 Rg2  1/2-1/2

[Event "ch-SWE Playoff 2012"]
[Site "Falun SWE"]
[Date "2012.07.15"]
[Round "1"]
[White "Berg,E"]
[Black "Lindberg,Be"]
[Result "1/2-1/2"]
[WhiteElo "2573"]
[BlackElo "2409"]

1.e4 c5 2.Nf3 e6 3.d4 cxd4 4.Nxd4 Nc6 5.Nc3 Qc7 6.Be3 a6 7.Qd2 Nf6 8.f3 Be7
9.O-O-O O-O 10.g4 Rd8 11.g5 Ne8 12.Bd3 d5 13.exd5 exd5 14.f4 Bb4 15.a3 Ba5
16.h4 Nd6 17.b4 Nxb4 18.axb4 Bxb4 19.Nde2 Qa5 20.Kb1 Nb5 21.Bd4 Nxd4 22.Bxh7+ Kxh7
23.Qxd4 Bg4 24.h5 Bxe2 25.h6 Bxc3 26.hxg7+ Kg6 27.Rh6+ Kf5 28.Rf6+ Kg4 29.Qg1+ Kf3
30.Qh1+ Ke3 31.Qh3+ Kf2 32.Qh2+ Kf3 33.Qh3+ Kf2 34.Qh2+ Kf3 35.Qh5+ Kf2 36.Qh2+ Kf3
37.Qh3+ Kf2 38.Qh2+ Kf3  1/2-1/2

[Event "35th Taminco Open"]
[Site "Ghent BEL"]
[Date "2012.07.15"]
[Round "4.1"]
[White "Decoster,F"]
[Black "Solodovnichenko,Y"]
[Result "0-1"]
[WhiteElo "2305"]
[BlackElo "2598"]

1.e4 c5 2.Nf3 e6 3.d4 cxd4 4.Nxd4 Nc6 5.Nc3 d6 6.g4 a6 7.Be3 Bd7 8.Qe2 b5
9.Nxc6 Bxc6 10.Bg2 Rc8 11.a3 Be7 12.Bd4 Nf6 13.Rd1 O-O 14.f4 Qc7 15.O-O Rfe8
16.g5 Nd7 17.Qh5 g6 18.Qh6 Bf8 19.Qh4 e5 20.Be3 exf4 21.Rxf4 Ne5 22.Bd4 Bg7
23.Kh1 a5 24.Rd2 b4 25.axb4 axb4 26.Nd1 Re7 27.Ne3 Rce8 28.h3 Qb7 29.Rd1 Re6
30.Rd2 b3 31.c3 Rf8 32.Rd1 Qa8 33.c4 Rfe8 34.Qf2 R6e7 35.Qf1 Rd7 36.Qf2 Qd8
37.Qg3 h5 38.Bc3 Qc7 39.Qf2 Bb7 40.Nd5 Bxd5 41.cxd5 Rc8 42.Bf1 Qd8 43.Qg3 Rb8
44.Rf2 Ra7 45.Qe3 Ra4 46.Be2 Nd7 47.Bxg7 Kxg7 48.Rd4 Ra1+ 49.Kh2 Ne5 50.Rd1 Ra4
51.Rdf1 Kg8 52.Rf6 Qe7 53.R1f2 Rab4 54.Bf1 Rxe4 55.Qxe4 Ng4+ 56.Qxg4 hxg4
57.hxg4 Rc8 58.Bg2 Rc2 59.Kh3 Qe3+ 60.R2f3 Qd2 61.Rg3 Qxg5  0-1

[Event "Corporation Centre Cup A"]
[Site "Izhevsk RUS"]
[Date "2012.07.15"]
[Round "1"]
[White "Glukhov,A2"]
[Black "Bukavshin,I"]
[Result "0-1"]
[WhiteElo "2141"]
[BlackElo "2487"]

1.e4 c5 2.Nf3 e6 3.d4 cxd4 4.Nxd4 Nc6 5.Nc3 Qc7 6.g3 a6 7.Bg2 Nf6 8.O-O d6
9.Re1 Nd7 10.Bg5 Nde5 11.Nxc6 bxc6 12.b3 h6 13.Be3 Be7 14.Na4 Rb8 15.f4 Nd7
16.c4 c5 17.Qd2 Bb7 18.Bf3 Rd8 19.Rad1 O-O 20.Qg2 Bf6 21.Rd3 Bc6 22.Nc3 Qb7
23.Bf2 Qb4 24.Ne2 Be7 25.Red1 Nb8 26.Nc3 a5 27.e5 dxe5 28.Bxc6 Qxc3 29.Rxc3 Rxd1+
30.Be1 Rxe1+ 31.Kf2 Ra1 32.Ke3 exf4+ 33.gxf4 Bf6 34.Rc2 Rd8 35.Bf3 Na6 36.Rd2 Rxd2
37.Qxd2 Bd4+ 38.Ke2 Nb4 39.a3 Rxa3 40.Ke1 Ra2  0-1

[Event "III Maravilhosa Open 2012"]
[Site "Laranjeiras BRA"]
[Date "2012.07.15"]
[Round "6.2"]
[White "Gazel,F"]
[Black "Molina,Rob"]
[Result "1-0"]
[WhiteElo "2255"]
[BlackElo "2423"]

1.e4 c5 2.Nc3 Nc6 3.Nf3 e6 4.d4 cxd4 5.Nxd4 Qc7 6.Ndb5 Qb8 7.Be3 a6 8.Nd4 Qc7
9.Be2 Nf6 10.O-O Be7 11.f4 d6 12.Qe1 O-O 13.Qg3 Nxd4 14.Bxd4 b5 15.a3 Bb7
16.Kh1 Bc6 17.e5 Ne8 18.Bd3 g6 19.Ne4 Bxe4 20.Bxe4 d5 21.Bd3 Bc5 22.c3 Ng7
23.Qe3 Rfc8 24.g4 Bxd4 25.cxd4 Qb6 26.Rf2 Rc6 27.Rg1 Kf8 28.Rgf1 Ra7 29.f5 exf5
30.gxf5 gxf5 31.Bxf5 Nxf5 32.Rxf5 Ke8 33.Qf3 Qxd4 34.Rxf7 Rxf7 35.Qxf7+ Kd8
36.Qf8+ Kc7 37.Qe7+ Kb6 38.Qd8+ Rc7 39.Qb8+ Rb7 40.Rf6+ Ka5 41.Qxb7 Qd1+
42.Kg2 Qe2+ 43.Kg1 Qe1+ 44.Kg2 Qe2+ 45.Kg3 Qxe5+ 46.Rf4 Qe3+ 47.Kg4 Qe6+
48.Kh4  1-0

[Event "87th ch-Paris IdF Open"]
[Site "Paris FRA"]
[Date "2012.07.15"]
[Round "9.7"]
[White "Dourerassou,J"]
[Black "Roser,K"]
[Result "1-0"]
[WhiteElo "2460"]
[BlackElo "2423"]

1.e4 c5 2.Nf3 e6 3.d4 cxd4 4.Nxd4 Nc6 5.Nc3 a6 6.g3 Qc7 7.Bg2 Nge7 8.Nb3 d6
9.f4 Bd7 10.Be3 Nc8 11.Qe2 Be7 12.a4 O-O 13.O-O Rb8 14.a5 Nb4 15.f5 Re8 16.f6 gxf6
17.Rf4 e5 18.Rh4 f5 19.exf5 d5 20.Rxb4 Bxb4 21.Nxd5 Qd6 22.Qg4+ Kh8 23.Nxb4 Ne7
24.Bc5 Qf6 25.Rf1 Rbd8 26.Qh5 Bb5 27.Rf2 Bc6 28.Nxc6 Nxc6 29.Nd2 Rd7 30.Ne4 Qg7
31.Be3 Rg8 32.Bg5  1-0

[Event "87th ch-Paris IdF Open"]
[Site "Paris FRA"]
[Date "2012.07.15"]
[Round "9.4"]
[White "Guliyev,N"]
[Black "Rindlisbacher,L"]
[Result "1-0"]
[WhiteElo "2539"]
[BlackElo "2266"]

1.e4 c5 2.Nf3 e6 3.d4 cxd4 4.Nxd4 Nc6 5.Nc3 d6 6.Be3 Nf6 7.f4 Be7 8.Qf3 e5
9.Nxc6 bxc6 10.f5 d5 11.exd5 cxd5 12.O-O-O Bb7 13.Bc4 e4 14.Qe2 Qa5 15.Bb3 O-O
16.g4 Rfd8 17.g5 Ne8 18.g6 Nf6 19.Rhg1 Kh8 20.Bd4 Qc7 21.Qe3 h6 22.gxf7 Kh7
23.Rg6 Rf8 24.Bxd5  1-0

[Event "ch-MNE 2012"]
[Site "Cetinje MNE"]
[Date "2012.07.16"]
[Round "9.1"]
[White "Kontic,D"]
[Black "Kisic,B"]
[Result "1-0"]
[WhiteElo "2326"]
[BlackElo "2054"]

1.e4 c5 2.Nf3 e6 3.d4 cxd4 4.Nxd4 Nc6 5.Nc3 Qc7 6.Be3 a6 7.Qe2 Nf6 8.O-O-O Bb4
9.f3 O-O 10.Qe1 b5 11.Kb1 Be7 12.g4 Ne5 13.g5 Ne8 14.Qg3 Bb7 15.Rg1 Rc8 16.Bf4 d6
17.a3 g6 18.Bc1 Nc4 19.b3 Nb6 20.Bb2 Ng7 21.Qh3 e5 22.Nf5 gxf5 23.exf5 f6
24.Bd3 Nd5 25.Nxd5 Bxd5 26.Rg4 fxg5 27.f6 Bxf6 28.Bxh7+ Kf7 29.Rxd5 Rh8 30.Rg2 Ne6
31.Rgd2 Nf4 32.Qf5 Nxd5 33.Rxd5 Ke7 34.Rd2 Rcf8 35.Qe4 Rf7 36.Bg6 Rg7 37.Bf5 Rd8
38.a4 Kf8 39.Be6 Ke7 40.Bd5 bxa4 41.Qxa4 a5 42.Qe4 Qc5 43.Ka2 Qb4 44.Qf5 Qf4
45.Qe6+ Kf8 46.Rd3 Be7 47.Rc3 Qf7 48.Qxf7+ Rxf7 49.Bxf7 Kxf7 50.Rc7 Rh8 51.Bc3 Ke6
52.Bxa5 Ra8 53.b4 Bd8 54.Rc3 Bxa5 55.Ra3 Rc8 56.bxa5 Rxc2+ 57.Kb3 Rxh2 58.a6 Rh8
59.Kc4 Rc8+ 60.Kb5 Rb8+ 61.Kc6 d5 62.a7 Ra8 63.Ra6 Kf5 64.Kxd5 Kf4 65.Rf6+ Kg3
66.Rf7 Re8 67.Ke4 Kf2 68.Rb7 Ra8 69.Rb2+ Kg3 70.Ra2 Kh3 71.Ra3 Kh4 72.Kf5 Rf8+
73.Kxe5 Ra8 74.Ra4+ Kg3 75.Kf5 Kxf3 76.Kxg5 Ke3 77.Kf5 Kd3 78.Ke5 Kc3 79.Kd5 Kb3
80.Ra6  1-0